<?xml version="1.0" encoding="UTF-8"?>
<collection xmlns="http://www.loc.gov/MARC21/slim">
<record>
  <controlfield tag="001">261251</controlfield>
  <controlfield tag="005">20240713173137.0</controlfield>
  <datafield tag="035" ind1=" " ind2=" ">
    <subfield code="a">G:(GEPRIS)425250608</subfield>
  </datafield>
  <datafield tag="024" ind1="7" ind2=" ">
    <subfield code="a">G:(GEPRIS)425250608</subfield>
    <subfield code="d">425250608</subfield>
  </datafield>
  <datafield tag="040" ind1=" " ind2=" ">
    <subfield code="a">GEPRIS</subfield>
    <subfield code="c">http://gepris.its.kfa-juelich.de</subfield>
  </datafield>
  <datafield tag="150" ind1=" " ind2=" ">
    <subfield code="a">Zensur und Restitution im Lichte staatlicher, halbstaatlicher und privater Ansprüche (A01)</subfield>
    <subfield code="y">2019 - 2024</subfield>
  </datafield>
  <datafield tag="371" ind1=" " ind2=" ">
    <subfield code="a">Professor Dr. Eric Achermann</subfield>
  </datafield>
  <datafield tag="371" ind1=" " ind2=" ">
    <subfield code="a">Professor Dr. Thomas Gutmann</subfield>
  </datafield>
  <datafield tag="371" ind1=" " ind2=" ">
    <subfield code="a">Professor Dr. Fabian Wittreck</subfield>
  </datafield>
  <datafield tag="450" ind1=" " ind2=" ">
    <subfield code="a">SFB 1385 A01</subfield>
    <subfield code="w">d</subfield>
    <subfield code="y">2019 - 2024</subfield>
  </datafield>
  <datafield tag="510" ind1="1" ind2=" ">
    <subfield code="a">Deutsche Forschungsgemeinschaft</subfield>
    <subfield code="0">I:(DE-588b)2007744-0</subfield>
    <subfield code="b">DFG</subfield>
  </datafield>
  <datafield tag="550" ind1=" " ind2=" ">
    <subfield code="0">G:(GEPRIS)403589434</subfield>
    <subfield code="a">SFB 1385: Recht und Literatur</subfield>
    <subfield code="w">t</subfield>
  </datafield>
  <datafield tag="680" ind1=" " ind2=" ">
    <subfield code="a">Der Fokus liegt zum einen auf privaten und zivilgesellschaftlichen Maßnahmen, die zwar nicht als staatliche Zensur, dennoch aber als „Maßnahmen gleicher Wirkung“ zu werten sind, zum anderen auf Persönlichkeitsrechtsverletzungen, die nicht als Angriffe reale Personen in deren Individualität, sondern als Rechtsverletzungen ethnischer oder kultureller Kollektive verstanden werden, d.h. als Angriffe auf Personen unter dem Gesichtspunkt von Provenienz und Zugehörigkeit. Als Schlagwort sei hier die hochaktuelle cultural appropriation genannt, deren rechtliche Bedeutung es insbesondere mit Blick auf die Literatur zu untersuchen gilt.</subfield>
  </datafield>
  <datafield tag="909" ind1="C" ind2="O">
    <subfield code="o">oai:juser.fz-juelich.de:927854</subfield>
    <subfield code="p">authority:GRANT</subfield>
    <subfield code="p">authority</subfield>
  </datafield>
  <datafield tag="980" ind1=" " ind2=" ">
    <subfield code="a">G</subfield>
  </datafield>
  <datafield tag="980" ind1=" " ind2=" ">
    <subfield code="a">AUTHORITY</subfield>
  </datafield>
  <datafield tag="909" ind1="C" ind2="O">
    <subfield code="o">oai:juser.fz-juelich.de:927854</subfield>
  </datafield>
</record>
</collection>